000 00404nam a2200193Ia 4500
001 11579
003 GE_BSU
008 181216s||||||||xx |||||||||||||| ||und||
020 _a9780747268475
040 _cGE_BSU
100 _aMonsell,Jill
245 _aSheer Mischief
260 _aLondon
260 _bHeadline
260 _c2001
300 _a504p;18cm.
653 _aSheer Mischief
942 _cBK
999 _c44774
_d44774